000 00324nam a22001457a 4500
003 SGT
020 _a97881170800242
082 _a615.53
_bC21S
100 _aSHARMA, RAM KARAN
245 _aCARAKA SAMHITA
260 _aVARANASI
_bCHAUKHAMBA PUBLISHER
_c2021
300 _a221
650 _aCARAKA SAMHITA
942 _2ddc
_cBK
999 _c22614
_d22614